Community health nursing : (Record no. 8065)

MARC details
000 -LEADER
fixed length control field 00924cam a2200289 a 4500
001 - CONTROL NUMBER
control field 4344631
003 - CONTROL NUMBER IDENTIFIER
control field OSt
005 - DATE AND TIME OF LATEST TRANSACTION
control field 20230123161217.0
008 - FIXED-LENGTH DATA ELEMENTS--GENERAL INFORMATION
fixed length control field 890725s1990 at a b 001 0 eng c
010 ## - LIBRARY OF CONGRESS CONTROL NUMBER
LC control number 89022073
020 ## - INTERNATIONAL STANDARD BOOK NUMBER
International Standard Book Number 0443042101
040 ## - CATALOGING SOURCE
Original cataloging agency DNLM/DLC
Transcribing agency DLC
Modifying agency DLC
050 00 - LIBRARY OF CONGRESS CALL NUMBER
Classification number RT98
Item number .M34 1990
060 ## - NATIONAL LIBRARY OF MEDICINE CALL NUMBER
Classification number WY 106 M478c
082 00 - DEWEY DECIMAL CLASSIFICATION NUMBER
Classification number 610.73/43
Edition number 20
100 1# - MAIN ENTRY--PERSONAL NAME
Personal name McMurray, Anne.
9 (RLIN) 10116
245 10 - TITLE STATEMENT
Title Community health nursing :
Remainder of title primary health care in practice /
Statement of responsibility, etc. Anne McMurray.
260 ## - PUBLICATION, DISTRIBUTION, ETC. (IMPRINT)
Place of publication, distribution, etc. Melbourne ;
-- New York :
Name of publisher, distributor, etc. Churchill Livingstone,
Date of publication, distribution, etc. 1990.
300 ## - PHYSICAL DESCRIPTION
Extent x, 269 p. :
Other physical details ill. ;
Dimensions 22 cm.
504 ## - BIBLIOGRAPHY, ETC. NOTE
Bibliography, etc Includes bibliographical references.
650 #0 - SUBJECT ADDED ENTRY--TOPICAL TERM
Topical term or geographic name as entry element Community health nursing.
9 (RLIN) 16418
650 #0 - SUBJECT ADDED ENTRY--TOPICAL TERM
Topical term or geographic name as entry element Primary health care.
9 (RLIN) 2125
650 #2 - SUBJECT ADDED ENTRY--TOPICAL TERM
Topical term or geographic name as entry element Community Health Nursing.
9 (RLIN) 16419
650 #2 - SUBJECT ADDED ENTRY--TOPICAL TERM
Topical term or geographic name as entry element Primary Health Care.
9 (RLIN) 2125
906 ## - LOCAL DATA ELEMENT F, LDF (RLIN)
a 7
b cbc
c orignew
d 1
e ocip
f 19
g y-gencatlg
942 ## - ADDED ENTRY ELEMENTS (KOHA)
Source of classification or shelving scheme Dewey Decimal Classification
Koha item type Open Shelf
Holdings
Withdrawn status Lost status Source of classification or shelving scheme Damaged status Not for loan Home library Current library Date acquired Source of acquisition Inventory number Total Checkouts Full call number Barcode Date last seen Price effective from Koha item type
    Dewey Decimal Classification     MUST Main Library MUST Main Library 23/01/2023 Purchase 4205   W84.6 M229c 2023-0025 23/01/2023 23/01/2023 Open Shelf
    Dewey Decimal Classification     MUST Main Library MUST Main Library 23/01/2023 Purchase 4203   W84.6 M229c 2023-0026 23/01/2023 23/01/2023 Open Shelf
    Dewey Decimal Classification     MUST Main Library MUST Main Library 23/01/2023 Purchase 4213   W84.6 M229c 2023-0027 23/01/2023 23/01/2023 Open Shelf
    Dewey Decimal Classification     MUST Main Library MUST Main Library 23/01/2023 Purchase 4202   W84.6 M229c 2023-0028 23/01/2023 23/01/2023 Open Shelf
    Dewey Decimal Classification     MUST Main Library MUST Main Library 23/01/2023 Purchase 4220   W84.6 M229c 2023-0029 23/01/2023 23/01/2023 Open Shelf
    Dewey Decimal Classification     MUST Main Library MUST Main Library 23/01/2023 Purchase 4207   W84.6 M229c 2023-0030 23/01/2023 23/01/2023 Open Shelf
    Dewey Decimal Classification     MUST Main Library MUST Main Library 23/01/2023 Purchase 4210   W84.6 M229c 2023-0031 23/01/2023 23/01/2023 Open Shelf
    Dewey Decimal Classification     MUST Main Library MUST Main Library 23/01/2023 Purchase 4201   W84.6 M229c 2023-0032 23/01/2023 23/01/2023 Open Shelf
    Dewey Decimal Classification     MUST Main Library MUST Main Library 23/01/2023 Purchase 4208   W84.6 M229c 2023-0033 23/01/2023 23/01/2023 Open Shelf
    Dewey Decimal Classification     MUST Main Library MUST Main Library 23/01/2023 Purchase 4218   W84.6 M229c 2023-0034 23/01/2023 23/01/2023 Open Shelf
    Dewey Decimal Classification     MUST Main Library MUST Main Library 23/01/2023 Purchase 4216   W84.6 M229c 2023-0035 23/01/2023 23/01/2023 Open Shelf
    Dewey Decimal Classification     MUST Main Library MUST Main Library 23/01/2023 Purchase 4217   W84.6 M229c 2023-0036 23/01/2023 23/01/2023 Open Shelf
    Dewey Decimal Classification     MUST Main Library MUST Main Library 23/01/2023 Purchase 4215   W84.6 M229c 2023-0037 23/01/2023 23/01/2023 Open Shelf
    Dewey Decimal Classification     MUST Main Library MUST Main Library 16/03/2023 Purchase 4209   610.73/43 2023-0339 16/03/2023 16/03/2023 Open Shelf